| 000 | 01116pam a2200301 a 4500 | ||
|---|---|---|---|
| 001 | 2051997 | ||
| 003 | PILC | ||
| 005 | 20150112093430.0 | ||
| 008 | 931006s1994 nyu 001 0 eng | ||
| 010 | _a 93033829 | ||
| 020 | _a0688127916 | ||
| 040 |
_aDLC _cDLC _dDLC |
||
| 050 | 0 | 0 |
_aHC 79.I55 _b.N34 1994 |
| 082 | 0 | 0 |
_aESF 330.9001 _bN14 1994 |
| 100 | 1 |
_aNaisbitt, John. _910273 |
|
| 245 | 1 | 0 |
_aGlobal paradox : _bthe bigger the world economy, the more powerful its smallest players / _cJohn Naisbitt. |
| 260 |
_aNew York : _bW. Morrow, _c1994. |
||
| 300 |
_a304 pages : _c25 cm. _billustration ; |
||
| 504 | _aIncludes bibliographical references (p. 277-292) and index. | ||
| 650 | 0 |
_aInformation society. _910274 |
|
| 650 | 0 |
_aEconomic forecasting. _910275 |
|
| 650 | 0 |
_aInternational economic relations. _910276 |
|
| 650 | 0 |
_aSmall business. _910277 |
|
| 650 | 0 |
_aRegionalism. _910278 |
|
| 906 |
_a7 _bcbc _corignew _d1 _eocip _f19 _gy-gencatlg |
||
| 942 |
_2lcc _cBK |
||
| 999 |
_c14359 _d14359 |
||